Regionalism and Religion: The Tamil Renaissance & Popular Hinduism (Record no. 6772)

MARC details
000 -LEADER
fixed length control field 00493nam a2200157 a 4500
082 00 - DEWEY DECIMAL CLASSIFICATION NUMBER
Classification number 294.51
Author Cutter RYE
100 ## - MAIN ENTRY--AUTHOR NAME
Author name Ryerson, Charles
245 ## - TITLE STATEMENT
Title Regionalism and Religion: The Tamil Renaissance & Popular Hinduism
260 ## - PUBLICATION, DISTRIBUTION, ETC. (IMPRINT)
Place of publication Madras
Name of publisher Christian Literature Society
Year of publication 1988
300 ## - PHYSICAL DESCRIPTION
Number of Pages 230p
500 ## - GENERAL NOTE
General note includes index and biblioraphy
505 2# - FORMATTED CONTENTS NOTE
Formatted contents note Christian`s World/christian`s God/ Christian`s Life/christian`s Bible
650 ## - SUBJECT ADDED ENTRY--TOPICAL TERM
Topical Term Hinduism-Tamil
942 ## - ADDED ENTRY ELEMENTS (KOHA)
Koha item type Books
700 1# -
-- Ryerson, Charles
Holdings
Home library Current library Date acquired Cost, normal purchase price Full call number Accession Number Koha item type
Henry Martyn Institute Library Henry Martyn Institute Library 07/23/2007 42.00 294.51 RYE 013355 E-Books
                   Copyright © 2026 | Henry Martyn Institute | Hyderabad | TS-500052 | INDIA | Implemented by hmi.edu.in
Hit-Count:

Powered by Koha